000 00348 a2200157 4500
001 56842
020 _a853225229X
040 _cAnchieta - Pituba
100 _aOlivieri, Antonio Carlos
240 1 0 _aPrometeu acorrentado
_lpor
245 1 0 _aPrometeu acorrentado
300 _a63
362 0 _a2005
650 4 _aLiteratura juvenil
942 _cBK
999 _c56842
_d56842